Anatomía y fisiología / (Registro nro. 21797)

Detalles MARC
000 -LEADER
fixed length control field 02312nam a22002537a 4500
001 - CONTROL NUMBER
control field 021611
003 - CONTROL NUMBER IDENTIFIER
control field DO-CoUTE
005 - DATE AND TIME OF LATEST TRANSACTION
control field 20260204212649.0
008 - FIXED-LENGTH DATA ELEMENTS--GENERAL INFORMATION
fixed length control field 220730b dr ||||| |||| 00| 0 spa d
020 ## - INTERNATIONAL STANDARD BOOK NUMBER
International Standard Book Number 978-1-4963-5916-2
040 ## - CATALOGING SOURCE
Original cataloging agency DO-CoUTE
Language of cataloging spa
Transcribing agency DO-CoUTE
082 ## - DEWEY DECIMAL CLASSIFICATION NUMBER
Edition number 22
Classification number 611.01816 W734a
Item number 2018
100 1# - MAIN ENTRY--PERSONAL NAME
Personal name Willis, Laura
Relator term editor clínico
245 1# - TITLE STATEMENT
Title Anatomía y fisiología /
Statement of responsibility, etc. Laura Willis ; traductor Néstor Zumaya Cárdenas
260 ## - PUBLICATION, DISTRIBUTION, ETC.
Place of publication, distribution, etc. Barcelona, España :
Name of publisher, distributor, etc. Wolters Kluwer
Date of publication, distribution, etc. 2018
300 ## - PHYSICAL DESCRIPTION
Extent 384 páginas .
Other physical details Imágenes ;
Dimensions 24cm.
440 ## - SERIES STATEMENT/ADDED ENTRY--TITLE
Title colección Lippincott
504 ## - BIBLIOGRAPHY, ETC. NOTE
Bibliography, etc. note Incluye referencias bibliográficas e índice
505 ## - FORMATTED CONTENTS NOTE
Formatted contents note El cuerpo humano 1 -- genética 25 -- organización química 35 -- sistema integumentario 47 -- sistema musculoesquelético 57 -- sistema neurosensitivo 75 -- sistema endocrino 109 -- sistema cardiovascular 125 -- sistema hemático 141 -- sistema inmunitario 155 -- aparato respiratorio 171
520 ## - SUMMARY, ETC.
Summary, etc. Anatomía y Fisiología forma parte de la serie Colección Lippincott Enfermería. Un enfoque práctico y conciso, caracterizada por presentar de forma divertida, atractiva y visual, temas alta complejidad en la enseñanza de enfermería. El objetivo del presente título es ofrecer todos los términos y conceptos básicos de anatomía y fisiología de forma amigable y sencilla. La información se presenta con la claridad que todos los estudiantes necesitan para entender la estructura básica y las funciones principales de los sistemas corporales. Contiene, asimismo, información sobre genética, nutrición, reproducción y mucho más.<br/><br/>Características principales:<br/>Viñetas a lo largo del texto y logos que enfatizan algunos conceptos<br/>Contenido organizado por sistemas: cardiovascular, respiratorio, endocrino, renal y urológico, reproductores y musculoesquelético.<br/>Datos actuales y las mejores prácticas en la evaluación y tratamiento de los trastornos comunes, incluyendo: anatomía, etiología, fisiología, exploración física, pruebas diagnósticas, y diagnósticos enfermeros actualizados (NANDA).<br/>Orientación paso a paso en las habilidades vitales, con escenarios de pacientes de la vida real.
650 #7 - SUBJECT ADDED ENTRY--TOPICAL TERM
Source of heading or term LEMB
Topical term or geographic name entry element Anatomía humana
700 1# - ADDED ENTRY--PERSONAL NAME
Personal name Zumaya Cárdenas, Néstor
Relator term traductor
942 ## - ADDED ENTRY ELEMENTS (KOHA)
Source of classification or shelving scheme Dewey Decimal Classification
Koha item type Libros
Existencias
Withdrawn status Lost status Source of classification or shelving scheme Damaged status Not for loan Collection code Home library Current library Date acquired Inventory number Total Checkouts Full call number Barcode Date last seen Copy number Price effective from Koha item type
    Dewey Decimal Classification     Colección General Biblioteca UTECO Biblioteca UTECO 07/30/2022 021611   611.01816 W734a 2018 021611 07/30/2022 Ej.1 07/30/2022 Libros
© 2021 Derechos Reservados UTECO - Teléfono: +1 809-585-2291 - Correo electrónico: biblioteca@uteco.edu.do​  
Código postal 43000 ​​
Dirección: Avenida Universitaria No. 100, 
Cotuí, Provincia Sánchez Ramírez, República Dominicana - RNC: 404-00059-6